header

Signs of life in the U.S.A. : (Record no. 255533)

MARC details
000 -LEADER
fixed length control field 01223cam a2200361 a 4500
001 - CONTROL NUMBER
control field 12908082
003 - CONTROL NUMBER IDENTIFIER
control field OSt
005 - DATE AND TIME OF LATEST TRANSACTION
control field 20170217121018.0
008 - FIXED-LENGTH DATA ELEMENTS--GENERAL INFORMATION
fixed length control field 020827s2003 maua 001 0 eng d
010 ## - LIBRARY OF CONGRESS CONTROL NUMBER
LC control number 2002112258
020 ## - INTERNATIONAL STANDARD BOOK NUMBER
International Standard Book Number 0312397844 (pbk.)
035 ## - SYSTEM CONTROL NUMBER
System control number (OCoLC)ocm51458837
040 ## - CATALOGING SOURCE
Original cataloging agency CSG
Transcribing agency CSG
Modifying agency CPA
-- OCLCQ
-- BAKER
-- DLC
042 ## - AUTHENTICATION CODE
Authentication code lccopycat
043 ## - GEOGRAPHIC AREA CODE
Geographic area code n-us---
050 00 - LIBRARY OF CONGRESS CALL NUMBER
Classification number PE1127.P6
Item number S54 2003
082 04 - DEWEY DECIMAL CLASSIFICATION NUMBER
Classification number 808.0427
Edition number 21
245 00 - TITLE STATEMENT
Title Signs of life in the U.S.A. :
Remainder of title readings on popular culture for writers /
Statement of responsibility, etc [edited by] Sonia Maasik, Jack Solomon.
250 ## - EDITION STATEMENT
Edition statement 4th ed.
260 ## - PUBLICATION, DISTRIBUTION, ETC. (IMPRINT)
Place of publication, distribution, etc Boston :
Name of publisher, distributor, etc Bedford/St. Martin's,
Date of publication, distribution, etc c2003.
300 ## - PHYSICAL DESCRIPTION
Extent xxiv, 819 p. :
Other physical details ill. (some col.) ;
Dimensions 23 cm.
500 ## - GENERAL NOTE
General note Includes index.
650 #0 - SUBJECT ADDED ENTRY--TOPICAL TERM
Topical term or geographic name as entry element Readers
General subdivision Popular culture.
Topical term or geographic name as entry element English language
General subdivision Rhetoric
Form subdivision Problems, exercises, etc.
Topical term or geographic name as entry element Report writing
Form subdivision Problems, exercises, etc.
Topical term or geographic name as entry element Popular culture
Geographic subdivision United States.
Topical term or geographic name as entry element College readers.
700 1# - ADDED ENTRY--PERSONAL NAME
Personal name Maasik, Sonia.
Personal name Solomon, J. Fisher
Fuller form of name (James Fisher),
Dates associated with a name 1954-
906 ## - LOCAL DATA ELEMENT F, LDF (RLIN)
a 7
b cbc
c copycat
d 2
e epcn
f 20
g y-gencatlg
942 ## - ADDED ENTRY ELEMENTS (KOHA)
Source of classification or shelving scheme Library of Congress Classification
Koha item type Long Loan Books
Holdings
Withdrawn status Lost status Source of classification or shelving scheme Damaged status Not for loan Collection code Home library Current library Shelving location Date acquired Total Checkouts Full call number Barcode Date last seen Price effective from Koha item type
    Library of Congress Classification     Non-fiction Rongo University Library Rongo University Library General Stacks 17/02/2017   PE1127.P6 S54 2003 201617822 17/02/2017 17/02/2017 Long Loan Books

© 2026 Rongo University
Contact us: librarian | system librarian | Rongo university